Rihanna - Chansons commençant par C - Statistiques

Statistiques générales
  • Ce quiz a été pris 5 fois
  • Le résultat moyen est 2 sur 9
Statistiques - réponses
C % Correct
California King Bed
75%
Cheers (Drink to That)
50%
Consideration
25%
Cry
25%
Close To You
0%
Cockiness (Love It)
0%
Cold Case Love
0%
Complicated
0%
Crazy Little Thing Called Love
0%
Aucun quiz correspondant
Distribution des résultats
% des personnes avec chaque résultat
Percentile par nombre de réponses
Votre historique - résultats
Vous n’avez pas pris ce quiz